Геолого-структурные условия формирования эпитермального высокосернистого золотого оруденения рудного поля Cветлое (Хабаровский край): диссертация на соискание ученой степени кандидата геолого-минералогических наук; спец. 1.6.10

Bibliographic Details
Main Author: Лесняк Д. В. Дмитрий Викторович
Corporate Author: Национальный исследовательский Томский политехнический университет (070)
Other Authors: Мазуров А. К. Алексей Карпович (научный консультант)
Summary:Заглавие с титульного экрана
Электронная версия печатной публикации
Защита сост. 15.01.2024
На правах рукописи
Текстовый файл
Language:Russian
Published: Томск, 2023
Subjects:
Online Access:https://earchive.tpu.ru/handle/11683/77163
Format: Electronic Book
KOHA link:https://koha.lib.tpu.ru/cgi-bin/koha/opac-detail.pl?biblionumber=670073

MARC

LEADER 00000nam0a2200000 4500
001 670073
005 20240823063202.0
090 |a 670073 
100 |a 20231214d2023 k||y0rusy50 ca 
101 0 |a rus 
102 |a RU 
105 |a a m 001yy 
135 |a drcn ---uucaa 
181 0 |a i   |b  e  
182 0 |a b 
183 0 |a cr  |2 RDAcarrier 
200 1 |a Геолого-структурные условия формирования эпитермального высокосернистого золотого оруденения рудного поля Cветлое (Хабаровский край)  |e диссертация на соискание ученой степени кандидата геолого-минералогических наук  |e спец. 1.6.10  |f Д. В. Лесняк  |g Национальный исследовательский Томский политехнический университет ; науч. рук. А. К. Мазуров 
203 |a Текст  |c электронный  |b визуальный 
210 1 |a Томск  |d 2023 
215 |a 1 файл (15 627 КБ, 203 с.)  |c pdf 
283 |2 RDAcarrier  |a online_resource 
300 |a Заглавие с титульного экрана 
300 |a Электронная версия печатной публикации 
300 |a Защита сост. 15.01.2024 
320 |a Библиогр.: с. 144-158 
333 |a На правах рукописи 
336 |a Текстовый файл 
606 1 |a Золоторудные месторождения  |x Происхождение  |9 38758 
610 1 |a электронный ресурс 
610 1 |a диссертации 
610 1 |a труды учёных ТПУ 
610 1 |a золоторудные месторождения 
610 1 |a Охотско-Чукотский вулканический пояс 
610 1 |a геологические работы 
610 1 |a золоторудные объекты 
610 1 |a вторичные кварциты 
610 1 |a Хабаровский край 
610 1 |a золото рудное 
610 1 |a эпитермальные месторождения 
610 1 |a кислотно-сульфатные месторождения 
610 1 |a поисковые признаки 
610 1 |a поисковые критерии 
610 1 |a дистанционные методы 
610 1 |a аэрогеофизика 
610 1 |a литохимическая зональность 
610 1 |a Светлое рудное поле 
675 |a 553.411(04)  |v 4  |z rus 
686 |2 oksvnk  |a 25.00.11 
700 1 |a Лесняк  |b Д. В.  |g Дмитрий Викторович 
702 1 |a Мазуров  |b А. К.  |c горный инженер геолог  |c профессор-консультант Томского политехнического университета, доктор геолого-минералогических наук  |f 1951-  |g Алексей Карпович  |x TPU  |y Томск  |4 695  |9 11906 
712 0 2 |a Национальный исследовательский Томский политехнический университет  |c (2009- )  |9 26305  |4 070 
801 0 |a RU  |b 63413507  |c 20231214  |g RCR 
850 |a 63413507 
856 4 |u https://earchive.tpu.ru/handle/11683/77163  |z https://earchive.tpu.ru/handle/11683/77163 
942 |c CF